000 01041nam a2200193 a 4500
008 120725s2011 ||||||||||||||||| || u
050 _aUNO-OCHA(08)
110 _aUnited Nations Office for the Coordination of Humanitarian Affairs (OCHA)
245 1 0 _a20th anniversary of General Assembly resolution 46/182: reference guide. -- 2nd ed.
_cby United Nations Organisation Office for the Coordination of Humanitarian Affairs [UNO-OCHA]
246 _aNormative developments on the coordination of humanitarian assistance in the genaral assembly and the economic and social council since the adoption of general assembly resolution 46/182
250 _a2nd ed.
260 _aNew York:
_bOCHA
_c2011
300 _a106p.
362 1 _a<p>Policy and Studies Series 2011</p>
490 _aPolicy and studies
490 _v2011
650 _aHUMANITARIAN ASSISTANCE--INTERNATIONAL COOPERATION
995 _FCBU-MAIN LIBRARY (Kitwe)
_M1
_UAVAILABLE
_WAug 3, 2012
_ZInternational Publications
999 _c33124
_d33124